| 000 | 00557nam a22001937a 4500 | ||
|---|---|---|---|
| 999 |
_c442419 _d442419 |
||
| 003 | UA-OsUOA | ||
| 005 | 20191004092241.0 | ||
| 008 | 191004b un ||||| |||| 00| 0 ukr d | ||
| 040 |
_aUA-OsUOA _bukr _cUA-OsUOA _dUA-OsUOA |
||
| 041 | _aukr | ||
| 080 | _a821.161.2 | ||
| 090 |
_a821.161.2 _bЧ-43 |
||
| 100 | _aЧендей І. | ||
| 245 |
_aТерен цвіте _bновели, повість _cІван Чендей ; ред. Р. К. Каруцяк |
||
| 260 |
_aКиїв _bДніпро _c1967 |
||
| 300 | _a462 с. | ||
| 942 |
_2udc _cBK |
||
| 955 | _a3 | ||